| 000 | 00384 a2200169 4500 | ||
|---|---|---|---|
| 001 | 70179 | ||
| 020 | _a8528103676 | ||
| 040 | _cAnchieta - Itaigara | ||
| 100 | _aGeras, Adéle | ||
| 240 | 1 | 0 |
_aA flauta mágica/Turandot _lpor |
| 245 | 1 | 0 | _aA flauta mágica/Turandot |
| 300 | _a39 | ||
| 362 | 0 | _a2000 | |
| 440 | 1 | _aSalamandra | |
| 650 | 4 | _aLiteratura infanto-juvenil | |
| 942 | _cBK | ||
| 999 |
_c70179 _d70179 |
||